000
00289nam a22001217a 4500
020
_a
0-7131-3512-3
082
_a
658 KIL'B
100
_a
KILGANNON, PETE
_9
74225
245
_a
BUSINESS DATA PROCESSING AND SYSTEMS ANALYSIS
260
_a
LONDON
_b
ELBS
_c
1980
300
_a
326P
942
_c
BK
999
_c
579788
_d
579788